| 000 | 00490cam a2200205 4500 | ||
|---|---|---|---|
| 001 | B476 | ||
| 008 | 090401t1985 xxu||||| |||| 00| 0 eng d | ||
| 035 | _a(Sirsi) u36122 | ||
| 041 | _aeng | ||
| 050 | _a347 | ||
| 100 | _aFoskett, David | ||
| 245 | 4 | _aThe law and practice of compromise | |
| 250 | _a2nd ed. | ||
| 260 |
_aLondon _bSweet and Maxwell _c1985 |
||
| 300 | _axlvii,388p. ; 22cm. | ||
| 350 | _a38 | ||
| 650 | _aOUT OF COURT SETTLEMENT | ||
| 942 | _n0 | ||
| 948 | _c04/03/1997 | ||
| 999 |
_c90183 _d90183 |
||